000 00224nam a22000977a 4500
999 _c520820
_d520820
082 _aTNC T39x54 D169
100 _aDutt, A.K.
_933708
245 _aGlobal urbanization
260 _aAllahabad
_bDubey Founation
300 _a167p.